भारतीय शासन : (Record no. 214079)
[ view plain ]
| 000 -LEADER | |
|---|---|
| fixed length control field | 01012nam a22002177a 4500 |
| 005 - DATE AND TIME OF LATEST TRANSACTION | |
| control field | 20260112160816.0 |
| 010 ## - LCCN (DPL NO) | |
| LC control number | HIN-130781 |
| 020 ## - INTERNATIONAL STANDARD BOOK NUMBER | |
| International Standard Book Number | 9789364448376 |
| Terms of availability | 560.00 |
| 035 ## - SYSTEM CONTROL NUMBER | |
| System control number | HN-103127 |
| 037 ## - SOURCE OF ACQUISITION | |
| Source of stock number/acquisition | DBAD |
| 082 ## - DEWEY DECIMAL CLASSIFICATION NUMBER | |
| Classification number | 320.954 |
| 100 ## - MAIN ENTRY--PERSONAL NAME | |
| Personal name | लक्ष्मीकांत, एम |
| 245 ## - TITLE STATEMENT | |
| Title | भारतीय शासन : |
| Statement of responsibility, etc | एम लक्ष्मीकांत |
| Remainder of title | सिविल सेवा और राज्य सेवा परीक्षाओ हेतु / |
| 250 ## - EDITION STATEMENT | |
| Edition statement | चतुर्थ |
| 260 ## - PUBLICATION, DISTRIBUTION, ETC. (IMPRINT) | |
| Place of publication, distribution, etc | चेन्नई |
| Name of publisher, distributor, etc | मैकग्रा-हिल |
| Date of publication, distribution, etc | 2026 |
| 270 ## - ADDRESS | |
| Address | अंजना कॉम्पलेक्स, नं 5/90ए, बट रोड , सत थॉमस माउंट , |
| City | चेन्नई |
| Postal code | 600016 |
| 300 ## - PHYSICAL DESCRIPTION | |
| Extent | 432पृ. |
| Dimensions | 24सेमी (अजिल्द) |
| 650 ## - SUBJECT ADDED ENTRY--TOPICAL TERM | |
| Topical term or geographic name as entry element | हिन्दी निबंध |
| 650 ## - SUBJECT ADDED ENTRY--TOPICAL TERM | |
| Topical term or geographic name as entry element | Hindi essays |
| 942 ## - ADDED ENTRY ELEMENTS (KOHA) | |
| Source of classification or shelving scheme | Dewey Decimal Classification |
| Item type | Hindi Books |
| Classification part | 320.954 |
| Call number suffix | लक्ष्मीकां |
| Withdrawn status | Lost status | Not for loan | Collection code | Home library | Current library | Date acquired | Source of acquisition | Cost, normal purchase price | Full call number | Barcode | Copy number | Cost, replacement price | Koha item type |
|---|---|---|---|---|---|---|---|---|---|---|---|---|---|
| Non-fiction | Bawana | Bawana | 12/01/2026 | DBAD | 560.00 | 320.954 लक्ष्मीकां | HN-103127 | 1 | 560.00 | Hindi Books |
